Normal view
MARC view
- PHD ENGINEERING MANAGEMENT-2017 PHDTHESIS
Entry Topical Term
001 - CONTROL NUMBER
- control field: 70240
003 - CONTROL NUMBER IDENTIFIER
- control field: NUST
005 - DATE AND TIME OF LATEST TRANSACTION
- control field: 20210628204416.0
008 - FIXED-LENGTH DATA ELEMENTS
- fixed length control field: 210628|| aca||aabn | a|a d
040 ## - CATALOGING SOURCE
- Original cataloging agency: NUST
- Transcribing agency: NUST
150 ## - HEADING--TOPICAL TERM
- Topical term or geographic name entry element: PHD ENGINEERING MANAGEMENT-2017 PHDTHESIS
670 ## - SOURCE DATA FOUND
- Source citation: Work cat.: (NUST): Rai Waqas Azfar Khan 70239, TH-SOF-1420-FORMULATION AND VALIDATION OF FRAMEWORK TO MEASURE SUSTAINABLE SUPPLY CHAIN PERFORMANCE WITH REGARDS TO LEAN, AGILE, RESILIENT AND GREEN PRACTICES, 2017
